|
|
|
|
| LEADER |
00000nas a22000001a 4500 |
| 001 |
vtls010302081 |
| 003 |
SK-MaSNL |
| 005 |
20260228163031.0 |
| 008 |
110810d19491952xo wr p r 0 b0hun |
| 015 |
|
|
|a SNBDS17XX9999
|
| 015 |
|
|
|a 1296
|2 Balúnová 1945-60
|
| 038 |
|
|
|a SNKBUDS
|
| 040 |
|
|
|a SNK
|b slo
|c SNK
|e AACR2
|
| 041 |
0 |
|
|a hun
|
| 044 |
|
|
|a xo
|c SK
|
| 080 |
|
|
|a 37.011
|2 2001
|
| 080 |
|
|
|a 316.7
|2 2001
|
| 245 |
0 |
0 |
|a Rádioműsor
|
| 260 |
|
|
|a Bratislava
|b Pravda, tlač. a vyd. podnik, Bratislava
|c 1949-1952
|
| 300 |
|
|
|a 4 roč.
|c 32 x 23 cm
|
| 310 |
|
|
|a 1x týždenne
|
| 362 |
0 |
|
|a 30.10.1949-1952
|
| 500 |
|
|
|a Vych. v Bratislave týždenne
|
| 500 |
|
|
|a Hlav. a zodp. red. Gyula Lőrincz, od 50/VIII (27. febr. 1955) Ferenc Dénes
|
| 500 |
|
|
|a Vyd. Pravda, tlač. a vyd. podnik, Bratislava, od 27. mája 1950 Pravda, n. p. Bratislava
|
| 500 |
|
|
|a Tlač. Pravda, tlač. a vyd. podnik, Bratislava, od 27. mája 1950 Pravda, n. p. Bratislava
|
| 500 |
|
|
|a Vych. od 30. okt. 1949 ako príloha novín Új szó od čísla 171/II. Nemal samostatnú tiráž. Od č. 41/V (4. febr. 1952) pokračoval len ako rubrika (v nedeľnom čísle)
|
| 505 |
8 |
0 |
|g Roč. 1949 8 č. po 4 s.
|
| 505 |
8 |
0 |
|g Roč. 1950 50 č. po 4 s.
|
| 505 |
8 |
0 |
|g Roč. 1951 51 č. po 4 s.
|
| 505 |
8 |
0 |
|g Roč. 1952 6 č. po 4 s.
|
| 650 |
0 |
7 |
|a osveta
|2 SNKPH
|9 16992
|
| 650 |
0 |
7 |
|a kultúra
|2 SNKPH
|9 886
|
| 655 |
|
7 |
|a kultúrno-osvetové časopisy
|2 SNKBUDS
|9 272810
|
| 710 |
2 |
|
|a Tlačiarenské závody Práca (Bratislava, Slovensko)
|9 178085
|
| 852 |
|
|
|a SNK
|b 10000
|h ČSA 288
|
| 852 |
|
|
|a UKB
|b 300000
|h S AA 200
|
| 852 |
|
|
|a SVKKK
|b 900000
|h F 1
|
| 852 |
|
|
|a UKB
|b 300000
|h 26 A 304
|
| 852 |
|
|
|a UKB
|b 300000
|h 20 AA 60
|
| 999 |
|
|
|c 8769
|d 10699
|